zpět

Detail výsledku týmu

Organza, Liberec

Datum a čas kvízu

25 Celkem bodů Celkový počet nahraných bodů na tomto kvízu bez doplňovacích otázek.
7. Pořadí na kvízu Konečné umístění týmu na tomto kvízu.

Zaznamenané odpovědi

# Otázka Odpověď Body Výsledky
1. Jak se jmenovala žena, jejíž s... Olga Kočková 1
2. Bývalý předseda vlády jedné ev... Rakousko, Sebastian Kurz 0.5
3. Letošní vyhlášení tuzemských k... Muriel 0
4. Španělská policie zatkla na ji... s viagrou (lékem na potenci) 1
5. 34letý trojnásobný mistr světa... Peter Sagan 0
6. Součástí televizního programu... Hodina pravdy 0
7. Která veřejně známá osobnost z... Ladislav Zibura 0
8. Mezi lety 1996 až 2006 vysílal... Videostop 1
9. V dnešní době je velmi populár... 1A 2D 3C 4B 1
10. Kdo z uvedených nikdy nemodero... D 1